Idea: rivista mensile di cultura e di politica / [Monatsausgabe]
| Subtitles: | Idea <Roma> / Monatsausgabe |
|---|---|
| Format: | Print Journal |
| Language: | Italian |
| Subito Delivery Service: | Order now. |
| Check availability: | HBZ Gateway |
| WorldCat: | WorldCat |
| Interlibrary Loan: | Für eine Fernleihe wählen Sie bitte zuerst einen Band oder Aufsatz aus. |
| Published: |
Roma
Idea
1945-1998
Roma Societa Editoriale "Idea" anfangs Roma Idea Centro Editoriale früher |
| In: | Year: 1945 |
| Further subjects: | B
Journal
|
MARC
| LEADER | 00000cas a2200000 c 4500 | ||
|---|---|---|---|
| 001 | 16720307X | ||
| 003 | DE-627 | ||
| 005 | 20260116172409.0 | ||
| 007 | tu | ||
| 008 | 941030d19451998it m| p| 0 |0ita c | ||
| 016 | 7 | |a 01241171X |2 DE-101 | |
| 016 | 7 | |a 427344-8 |2 DE-600 | |
| 024 | 8 | |a BSB-QK-Image-ID121888752320007356#131889050290007356 |q Identnummer | |
| 035 | |a (DE-627)16720307X | ||
| 035 | |a (DE-576)015575594 | ||
| 035 | |a (DE-599)ZDB427344-8 | ||
| 035 | |a (OCoLC)645073647 | ||
| 040 | |a DE-627 |b ger |c DE-627 |e rakwb | ||
| 041 | |a ita | ||
| 044 | |c XA-IT | ||
| 082 | 0 | 4 | |a 050 |a 840 |a 850 |a 860 |q DE-600 |
| 245 | 0 | 0 | |a Idea |b rivista mensile di cultura e di politica |p [Monatsausgabe] |
| 246 | 1 | |i Abweichender Titel |a Idea <Roma> / Monatsausgabe | |
| 264 | 3 | 1 | |a Roma |b Idea |c 1945-1998 |
| 264 | 2 | 1 | |a Roma |b Societa Editoriale "Idea" |c anfangs |
| 264 | 2 | 1 | |a Roma |b Idea Centro Editoriale |c früher |
| 336 | |a Text |b txt |2 rdacontent | ||
| 337 | |a ohne Hilfsmittel zu benutzen |b n |2 rdamedia | ||
| 338 | |a Band |b nc |2 rdacarrier | ||
| 362 | 0 | |a 1.1945 - 54.1998; damit Ersch. eingest. | |
| 363 | 0 | 0 | |a 1 |i 1945 |
| 363 | 1 | 0 | |i 1998 |a 54 |
| 500 | |a Zusatz wechselt | ||
| 655 | 7 | |a Zeitschrift |0 (DE-588)4067488-5 |0 (DE-627)10454466X |0 (DE-576)20917000X |2 gnd-content | |
| 951 | |a JT | ||
| ACO | |a 1 | ||
| ELC | |b 1 | ||
| ORI | |a SA-MARC-ixtheob001.raw | ||
| REL | |a 1 | ||
| SPR | |a 1 |t IXT | ||
| SUB | |a REL | ||



